| 000 | 00768nam a2200205Ia 4500 | ||
|---|---|---|---|
| 003 | GCL | ||
| 008 | 140319s9999 xx 000 0 ara d | ||
| 040 |
_aGCL / _cGCL |
||
| 082 | 0 | 4 |
_aق _b910.09 _bا م |
| 100 | 1 | _aابن خرداذبة : ابوالقاسم عبيدالله بن احمد الفارسى الخراسانى | |
| 245 | 1 | 0 |
_aالمسالك والممالك : ويلية كتاب الخراج / _cابن خرداذبة : ابوالقاسم عبيدالله بن احمد الفارسى الخراسانى |
| 700 | 1 | _aالبغدادى، ابوالفرج قدامة | |
| 260 |
_a[S.N] : _bدار صادر |
||
| 300 | _a308 ص | ||
| 490 | _a | ||
| 650 | 0 | 4 | _aمصر |
| 650 | 0 | 4 | _aالجغرافيا |
| 650 | 0 | 4 | _aوصف ورحلات |
| 942 |
_2ddc _cBK |
||
| 999 |
_c36203 _d36203 |
||